00337nam a2200133Ia 4500008004100000020001100041082001800052245001600070250000800086260001400094300002700108650006100135856000700196210430s9999 xx 000 0 und d a8/4/11 a662.2 D245 P  aDr.N Davies aA-6 aCranfield aPyrotechnics Hand book aThe Ammunatoons Systems &Explosive technology Department uBK